| 000 | 00577nam a22001937a 4500 | ||
|---|---|---|---|
| 003 | JO-AjAnu | ||
| 005 | 20241023101849.0 | ||
| 008 | 241022b jo ||||| |||| 00| 0 ara d | ||
| 020 | _a38-9738-0-578-978 | ||
| 040 | _cJO-AjAnu | ||
| 041 | _hENG | ||
| 100 |
_aHuo, Kevin _eAuthor _966442 |
||
| 245 |
_aACE THE DATA SCIENCE INTERVIEW : 201 Real Intervew Questions Asked By FAANG, Tech Starups, Wall Street/ _cKevin Huo, Nick Singh |
||
| 260 | _c2021 | ||
| 300 | _apages: 290 | ||
| 650 | _v Data Science | ||
| 700 |
_aNick Singh _eJoint Author _966443 |
||
| 942 |
_2lcc _cBK _n0 |
||
| 999 |
_c33843 _d33843 |
||